[Event "World Rapid Women 2021"]
[Site "Warsaw POL"]
[Date "2021.12.26"]
[Round "2.12"]
[White "Kamalidenova, Meruert"]
[Black "Bulmaga, Irina"]
[Result "1-0"]
[WhiteTitle "WIM"]
[BlackTitle "IM"]
[WhiteElo "2351"]
[BlackElo "2390"]
[WhiteFideId "13712802"]
[BlackFideId "13903063"]
[EventDate "2021.12.26"]

1. e4 c5 2. Nf3 d6 3. d4 cxd4 4. Nxd4 Nf6 5. Nc3 a6 6. Bg5 Nbd7 7. f4 Qc7 8. Qe2
b5 9. a3 Bb7 10. O-O-O e5 11. Nf3 Be7 12. g4 exf4 13. Bxf4 Ne5 14. g5 Nfd7 15.
Nd4 O-O 16. h4 Nb6 17. h5 Nbc4 18. Nd5 Bxd5 19. exd5 Qa5 20. Nf5 Rae8 21. Qe4
Qd8 22. Rg1 g6 23. hxg6 fxg6 24. Nd4 Qb6 25. Rh1 Rxf4 26. Qxf4 Rf8 27. Qh4 h5
28. Bh3 b4 29. Be6+ Kg7 30. a4 b3 31. Nxb3 Qe3+ 32. Kb1 Bxg5 33. Qe1 Qxe1 34.
Rdxe1 Nf3 35. Re2 Bf6 36. c3 Be5 37. Nc1 h4 38. Nd3 Bg3 39. a5 Nfe5 40. Nxe5
Nxe5 41. b4 g5 42. Re4 Kg6 43. Kc2 Rf2+ 44. Kb3 Nf3 45. Re3 Nd2+ 46. Ka4 Nc4 47.
Re4 Nb2+ 48. Kb3 Nd3 49. Re3 Rb2+ 50. Ka3 Rd2 51. Bc8 Ne5 52. Bxa6 g4 53. Re2
Rxe2 54. Bxe2 Bf2 55. b5 g3 56. Bf1 Kg5 57. b6 Nc4+ 58. Kb4 Ne3 59. b7 Nxd5+ 60.
Kb5 Ba7 61. Kc6 Ne3 62. Bh3 Kf4 63. Kc7 Nd5+ 64. Kc8 Ne7+ 65. Kd7 Nd5 66. c4 Nb4
67. Kxd6 Na6 68. Bg2 Kg4 69. Kd7 Nc5+ 70. Kc8 Na6 71. c5 Bb8 72. Bf1 Kf3 73.
Rxh4 Kf2 74. Bh3 Be5 75. Rh5 Bc7 76. Rh6 Bf4 77. Rxa6 Kg1 78. Rg6 Kh2 79. Bf1
Kg1 80. Bb5 1-0

[Event "World Rapid Women 2021"]
[Site "Warsaw POL"]
[Date "2021.12.26"]
[Round "2.13"]
[White "Kiolbasa, Oliwia"]
[Black "Zatonskih, Anna"]
[Result "0-1"]
[WhiteTitle "WIM"]
[BlackTitle "IM"]
[WhiteElo "2399"]
[BlackElo "2403"]
[WhiteFideId "1154613"]
[BlackFideId "14101572"]
[EventDate "2021.12.26"]

1. e4 e6 2. d4 d5 3. e5 c5 4. c3 Qb6 5. Nf3 Bd7 6. Bd3 cxd4 7. O-O Nc6 8. Re1
Rc8 9. Nbd2 dxc3 10. bxc3 Qc7 11. c4 Nb4 12. Bf1 Ne7 13. a3 Nbc6 14. Bb2 d4 15.
Nxd4 Nxd4 16. Bxd4 Nf5 17. Bb2 Bc6 18. Bd3 Be7 19. Qc2 Rd8 20. Bxf5 exf5 21. e6
f6 22. a4 O-O 23. Ba3 Rfe8 24. Re2 Qf4 25. Bc1 Qg4 26. f3 Qd4+ 0-1

[Event "World Rapid Women 2021"]
[Site "Warsaw POL"]
[Date "2021.12.26"]
[Round "2.14"]
[White "Serikbay, Assel"]
[Black "Zhukova, Natalia"]
[Result "1/2-1/2"]
[WhiteTitle "WIM"]
[BlackTitle "GM"]
[WhiteElo "2263"]
[BlackElo "2335"]
[WhiteFideId "13706799"]
[BlackFideId "14101513"]
[EventDate "2021.12.26"]

1. d4 Nf6 2. c4 e6 3. g3 c5 4. d5 exd5 5. cxd5 d6 6. Nc3 g6 7. Bg2 Bg7 8. Nf3
O-O 9. O-O a6 10. a4 Re8 11. Nd2 Nbd7 12. h3 Rb8 13. a5 b5 14. axb6 Nxb6 15. e4
Nfd7 16. f4 c4 17. Qe2 Qc7 18. Nf3 Nc5 19. Qc2 Nd3 20. Kh2 Nd7 21. Nd1 Rxe4 22.
Ne5 Rxe5 23. fxe5 N7xe5 24. Ne3 Qc5 25. Nd1 Qc7 26. Ne3 h5 27. Ra4 Nxb2 28. Bxb2
Rxb2 29. Qxb2 Nf3+ 30. Bxf3 Bxb2 31. Rxc4 Qd7 32. Bg2 Qe8 33. Rb1 Bd7 34. Rxb2
Qxe3 35. Rb8+ Kg7 36. Rb7 Bb5 37. Re4 Qc3 38. Rf4 Be8 39. Re7 Qc8 40. Rfe4 Bb5
41. Rf4 Be8 42. Rfe4 Bb5 43. Rf4 1/2-1/2

[Event "World Rapid Women 2021"]
[Site "Warsaw POL"]
[Date "2021.12.26"]
[Round "2.15"]
[White "Nurgali, Nazerke"]
[Black "Michna, Marta"]
[Result "1/2-1/2"]
[WhiteTitle "WIM"]
[BlackTitle "WGM"]
[WhiteElo "2260"]
[BlackElo "2314"]
[WhiteFideId "13711261"]
[BlackFideId "1106686"]
[EventDate "2021.12.26"]

1. d4 Nf6 2. Nf3 d6 3. c4 Nbd7 4. Nc3 e5 5. e4 c6 6. Be2 g6 7. O-O Bg7 8. Qc2
O-O 9. Rd1 Qe7 10. Be3 Re8 11. d5 c5 12. a3 Nh5 13. b4 b6 14. Rab1 Rf8 15. Qa4
Ndf6 16. bxc5 bxc5 17. Qc6 Bd7 18. Qa6 Bc8 19. Qc6 Bd7 20. Qa6 Bc8 21. Qc6 Bd7
22. Qa6 1/2-1/2

[Event "World Rapid Women 2021"]
[Site "Warsaw POL"]
[Date "2021.12.26"]
[Round "2.16"]
[White "Osmak, Yuliia"]
[Black "Beydullayeva, Govhar"]
[Result "1/2-1/2"]
[WhiteTitle "IM"]
[BlackTitle "WIM"]
[WhiteElo "2419"]
[BlackElo "2290"]
[WhiteFideId "14101602"]
[BlackFideId "13413015"]
[EventDate "2021.12.26"]

1. c4 e5 2. Nc3 c5 3. Nf3 Nc6 4. e3 Nf6 5. d4 exd4 6. exd4 d5 7. Be2 Be7 8. O-O
O-O 9. Be3 cxd4 10. Nxd4 Nxd4 11. Qxd4 dxc4 12. Bxc4 Qxd4 13. Bxd4 Rd8 14. Rad1
Bg4 15. f3 Rxd4 16. Rxd4 Bc5 17. Rd1 Rd8 18. Ne2 Be6 19. Bxe6 fxe6 20. Kf1 Bxd4
21. Rxd4 Rc8 22. Nc3 Kf7 23. Ke2 a6 24. Kd3 Ke7 25. f4 Rc5 26. b4 Rc6 27. h3 h5
28. g3 b5 29. a3 Rc8 30. Ne4 Nxe4 31. Rxe4 g6 32. Re3 Rc1 33. Kd4 Kd6 34. Rd3
Re1 35. Kc3+ Ke7 36. Kd2 Rh1 37. g4 hxg4 38. hxg4 Rh4 39. Rg3 Kf6 40. Ke3 e5 41.
Ke4 exf4 42. Kxf4 g5+ 43. Ke4 Ke6 44. Kd4 Kd6 45. Ke4 1/2-1/2

[Event "World Rapid Women 2021"]
[Site "Warsaw POL"]
[Date "2021.12.26"]
[Round "2.17"]
[White "Kurmangaliyeva, Liya"]
[Black "Bivol, Alina"]
[Result "1/2-1/2"]
[WhiteTitle "FM"]
[BlackTitle "IM"]
[WhiteElo "2195"]
[BlackElo "2368"]
[WhiteFideId "13725831"]
[BlackFideId "4100123"]
[EventDate "2021.12.26"]

1. e4 e6 2. d4 d5 3. e5 c5 4. c3 Nc6 5. Nf3 Bd7 6. Be2 Rc8 7. O-O a6 8. Na3 cxd4
9. cxd4 Bxa3 10. bxa3 Nge7 11. Bd3 Na5 12. Rb1 h6 13. Bd2 Nec6 14. Qe2 Qe7 15.
Bb4 Nxb4 16. Rxb4 b5 17. Bb1 g6 18. h4 Rc4 19. Qd2 Rxb4 20. axb4 Nc4 21. Qc3 Qd8
22. Qc1 Qe7 23. Qf4 Qxb4 24. Qf6 Rg8 25. h5 gxh5 26. Qxh6 Qf8 27. Qxh5 Qg7 28.
g3 Rh8 29. Qg5 Qxg5 30. Nxg5 b4 31. Bd3 Ke7 32. f4 a5 33. Rb1 Rb8 34. Kf2 a4 35.
Nf3 b3 36. axb3 axb3 37. Ke2 b2 38. Nd2 Rb4 39. Bxc4 dxc4 40. Ne4 Rb3 41. Kd2
Rd3+ 42. Kc2 Rxd4 43. Nc3 Rd3 44. Rxb2 Rxg3 45. Rb4 Rg2+ 46. Kc1 f6 47. Rxc4
fxe5 48. fxe5 Rg5 49. Rc5 Be8 50. Ne4 Rg2 51. Nf6 Ba4 52. Rc7+ Kd8 53. Ra7 Bc6
54. Ra6 Kc7 55. Ra7+ Bb7 56. Ra5 Kb6 57. Ra3 Bc6 58. Rb3+ Kc5 59. Rc3+ Kb5 60.
Rc2 Rg5 61. Re2 Kc4 62. Rc2+ Kb5 63. Re2 Kb4 64. Nh7 Rf5 65. Nf6 Ba4 66. Re4+
Kc3 67. Re3+ Kd4 68. Re4+ Kc3 69. Re3+ Kb4 70. Re4+ Kc3 1/2-1/2

[Event "World Rapid Women 2021"]
[Site "Warsaw POL"]
[Date "2021.12.26"]
[Round "2.18"]
[White "Vantika, Agrawal"]
[Black "Mamedjarova, Turkan"]
[Result "0-1"]
[WhiteTitle "WGM"]
[BlackTitle "WGM"]
[WhiteElo "2381"]
[BlackElo "2264"]
[WhiteFideId "25050389"]
[BlackFideId "13402005"]
[EventDate "2021.12.26"]

1. d4 Nf6 2. c4 e6 3. Nc3 Bb4 4. Qc2 d5 5. a3 Be7 6. Nf3 O-O 7. Bf4 c6 8. e3
Nbd7 9. h3 b6 10. cxd5 exd5 11. Bd3 Re8 12. O-O Nf8 13. Ne5 Bb7 14. Rad1 N6d7
15. Nxd7 Qxd7 16. Bf5 Qd8 17. Rfe1 Bd6 18. Bxd6 Qxd6 19. b4 g6 20. Bd3 a5 21.
Rb1 axb4 22. axb4 Ne6 23. Na4 Ba6 24. Red1 Bxd3 25. Rxd3 b5 26. Nc3 Ra6 27. e4
dxe4 28. Nxe4 Qd8 29. Rbd1 Nf4 30. Rf3 Nd5 31. Nc5 Ra7 32. Qd2 Rae7 33. h4 Qd6
34. Nd3 Re2 35. Qg5 f6 36. Qc1 Kg7 37. h5 R8e7 38. h6+ Kg8 39. Qa1 Re8 40. Qa7
R2e7 41. Qa2 Kh8 42. Ra1 Nc3 43. Qc2 Ne2+ 44. Kh1 Nxd4 45. Qc3 Nxf3 46. gxf3 Re6
47. Nc5 Re5 48. Ne4 Qe6 49. Kg2 g5 50. Ra7 g4 51. Ng3 gxf3+ 52. Qxf3 Rg5 53. Rc7
Qd5 54. Rxc6 Qxf3+ 55. Kxf3 Kg8 56. Kf4 Rg6 57. Nf5 Re2 58. f3 Re5 59. Rc8+ Kf7
60. Rc7+ Kf8 61. Rxh7 Rg5 62. Rh8+ Kf7 63. Nd6+ Ke6 64. h7 Rh5 65. Re8+ Kxd6 66.
h8=Q Rxh8 67. Rxh8 Kd5 68. Rh6 Kc4 69. Rxf6 Re1 70. Rb6 Kxb4 71. Kg5 Kc4 72. f4
b4 73. f5 b3 74. f6 Rf1 75. Kg6 Kc3 76. f7 Rxf7 77. Kxf7 0-1

[Event "World Rapid Women 2021"]
[Site "Warsaw POL"]
[Date "2021.12.26"]
[Round "2.20"]
[White "Sliwicka, Alicja"]
[Black "Muzychuk, Mariya"]
[Result "0-1"]
[WhiteTitle "WIM"]
[BlackTitle "GM"]
[WhiteElo "2289"]
[BlackElo "2539"]
[WhiteFideId "1150677"]
[BlackFideId "14114550"]
[EventDate "2021.12.26"]

1. e4 c5 2. Nc3 Nc6 3. Bb5 Nd4 4. d3 e6 5. Bd2 a6 6. Bc4 b5 7. Bb3 Bb7 8. a3
Nxb3 9. cxb3 Ne7 10. Nf3 d5 11. e5 d4 12. Ne4 Bxe4 13. dxe4 Nc6 14. O-O Be7 15.
Qc1 h6 16. Rd1 g5 17. b4 g4 18. Ne1 c4 19. Be3 Bg5 20. Bxg5 hxg5 21. Qd2 d3 22.
Rac1 Nxe5 23. Rc3 Qf6 24. Qe3 Qf4 25. Qxf4 gxf4 26. b3 Ke7 27. bxc4 bxc4 28. g3
f3 29. Rd2 Rh3 30. Nxd3 cxd3 31. Rc5 Rah8 0-1

[Event "World Rapid Women 2021"]
[Site "Warsaw POL"]
[Date "2021.12.26"]
[Round "2.21"]
[White "Salimova, Nurgyul"]
[Black "Muzychuk, Anna"]
[Result "1/2-1/2"]
[WhiteTitle "IM"]
[BlackTitle "GM"]
[WhiteElo "2353"]
[BlackElo "2531"]
[WhiteFideId "2915138"]
[BlackFideId "14111330"]
[EventDate "2021.12.26"]

1. d4 Nf6 2. Nf3 g6 3. Nbd2 Bg7 4. e4 d6 5. Bd3 O-O 6. O-O c5 7. c3 cxd4 8. cxd4
Nc6 9. Re1 Nh5 10. Nb3 Bg4 11. Be3 a5 12. Be2 Bxf3 13. Bxf3 a4 14. Nc1 Nf6 15.
Ne2 Qa5 16. a3 Rfc8 17. Rc1 Qb5 18. Qd2 Na5 19. Rxc8+ Rxc8 20. Nc3 Qd7 21. Qe2
Nc4 22. Bg5 h5 23. e5 Nh7 24. Bf4 dxe5 25. dxe5 g5 26. Bd5 Qg4 27. Bxc4 Qxe2 28.
Bxe2 gxf4 29. Bxh5 Ng5 30. Bd1 Rc5 31. Nxa4 Rxe5 32. Rxe5 Bxe5 33. h4 Ne4 34.
Bf3 Nd6 35. Nc5 Bxb2 36. a4 Bf6 37. Nxb7 Nxb7 38. Bxb7 Bxh4 39. a5 Bf6 40. a6
Bd4 41. Kf1 e5 42. Ke2 Kf8 43. f3 Ke7 44. Kd3 f6 45. Ke4 Kd6 46. Kf5 Ke7 47. Ke4
Kd6 48. Kf5 Ke7 49. Ke4 1/2-1/2

[Event "World Rapid Women 2021"]
[Site "Warsaw POL"]
[Date "2021.12.26"]
[Round "2.22"]
[White "Koneru, Humpy"]
[Black "Heredia Serrano, Carla"]
[Result "1/2-1/2"]
[WhiteTitle "GM"]
[BlackTitle "WGM"]
[WhiteElo "2586"]
[BlackElo "2121"]
[WhiteFideId "5008123"]
[BlackFideId "3603687"]
[EventDate "2021.12.26"]

1. d4 d5 2. c4 c6 3. Nf3 Nf6 4. e3 g6 5. Nc3 Bg7 6. Be2 O-O 7. O-O dxc4 8. Bxc4
Bg4 9. h3 Bxf3 10. Qxf3 Nbd7 11. Rd1 e5 12. d5 e4 13. Nxe4 Nxe4 14. Qxe4 Nf6 15.
Qf3 cxd5 16. Bb3 a5 17. Bxd5 Nxd5 18. Rxd5 Qb6 19. e4 Rac8 20. Qd3 Rfd8 21. Be3
Rxd5 22. exd5 Qxb2 23. Rb1 Qxa2 24. Rxb7 Rd8 25. Rb5 Qa1+ 26. Kh2 Be5+ 27. g3 a4
28. Ra5 Qc3 29. Qxc3 Bxc3 30. Rxa4 Rxd5 31. Bh6 Rd8 32. Kg2 Bg7 33. Be3 Bf6 34.
h4 h5 35. Ra6 Be5 36. Kf3 Kg7 37. Ra5 Bf6 38. Ra6 Re8 39. Bf4 Rc8 40. Ra4 Re8
41. Rc4 Ra8 42. Kg2 Ra2 43. Be3 Ra6 44. Re4 Rc6 45. Kf3 Rc8 46. Ke2 Rc2+ 47. Kf3
Rc8 48. Ra4 Re8 49. Ra6 Rc8 50. Ke4 Re8+ 51. Kd3 Rd8+ 52. Ke2 Re8 53. Kf3 Rc8
54. Ke4 Re8+ 55. Kf3 Rc8 56. Ke4 Re8+ 1/2-1/2

[Event "World Rapid Women 2021"]
[Site "Warsaw POL"]
[Date "2021.12.26"]
[Round "2.23"]
[White "Stefanova, Antoaneta"]
[Black "Rakhmangulova, Anastasiya"]
[Result "1-0"]
[WhiteTitle "GM"]
[BlackTitle "WIM"]
[WhiteElo "2469"]
[BlackElo "2174"]
[WhiteFideId "2902257"]
[BlackFideId "14117479"]
[EventDate "2021.12.26"]

1. Nf3 Nf6 2. g3 g6 3. d4 Bg7 4. Bg2 d6 5. O-O O-O 6. a4 Nbd7 7. Re1 e5 8. e4
exd4 9. Nxd4 a5 10. Nc3 Re8 11. h3 Nc5 12. Bf4 Bd7 13. Qd2 Nh5 14. Bg5 Qc8 15.
Kh2 Ne6 16. Be3 Bc6 17. Nxc6 bxc6 18. f4 Rb8 19. b3 Qb7 20. Rad1 Qb4 21. Na2 Qa3
22. Nc1 Nc5 23. Bd4 Bxd4 24. Qxd4 Rb4 25. Qc3 Rbb8 26. Qxa5 Ra8 27. Qd2 Nxa4 28.
g4 Nxf4 29. Qxf4 Nc3 30. Rd2 Ra5 31. Nd3 c5 32. Rf2 Re7 33. Qf6 Rd7 34. Qxc3 1-0

[Event "World Rapid Women 2021"]
[Site "Warsaw POL"]
[Date "2021.12.26"]
[Round "2.24"]
[White "Kubicka, Anna"]
[Black "Atalik, Ekaterina"]
[Result "1/2-1/2"]
[WhiteTitle "WIM"]
[BlackTitle "IM"]
[WhiteElo "2266"]
[BlackElo "2420"]
[WhiteFideId "1152254"]
[BlackFideId "4130189"]
[EventDate "2021.12.26"]

1. e4 e5 2. Nf3 Nc6 3. Bb5 Nf6 4. d3 d6 5. O-O Be7 6. Nbd2 O-O 7. h3 a6 8. Bxc6
bxc6 9. Nc4 Re8 10. Re1 Bf8 11. c3 g6 12. Qc2 Bg7 13. Bg5 h6 14. Bxf6 Qxf6 15.
Ncd2 Bd7 16. d4 exd4 17. Nxd4 c5 18. Ne2 Bc6 19. Ng3 h5 20. Rad1 h4 21. Ngf1 Qf4
22. f3 Re7 23. Nc4 Rae8 24. Qf2 f5 25. Na5 Ba8 26. exf5 gxf5 27. Rxe7 Rxe7 28.
Qd2 Qxd2 29. Rxd2 Bh6 30. Rc2 Bd5 31. c4 Bf7 32. Kf2 Bg7 33. Nb3 a5 34. g4 a4
35. Nc1 fxg4 36. hxg4 Bg6 37. Rd2 h3 38. Ne2 Bb1 39. a3 Ba2 40. Nf4 Bd4+ 41. Kg3
Be5 42. Ne3 Rf7 43. Nf5 Kf8 44. Re2 Bxf4+ 45. Kxf4 Bxc4 46. Rh2 Rh7 47. Kg5 Bd5
48. f4 Bg2 49. Ne3 Be4 50. f5 d5 51. Kg6 Kg8 52. g5 d4 53. Ng4 Rg7+ 54. Kf6 Rf7+
55. Ke5 Re7+ 56. Kf6 Rf7+ 57. Ke5 Re7+ 58. Kf6 Rf7+ 59. Ke5 Re7+ 1/2-1/2

[Event "World Rapid Women 2021"]
[Site "Warsaw POL"]
[Date "2021.12.26"]
[Round "2.25"]
[White "Girya, Olga"]
[Black "Bartel, Marta"]
[Result "0-1"]
[WhiteTitle "GM"]
[BlackTitle "WGM"]
[WhiteElo "2416"]
[BlackElo "2192"]
[WhiteFideId "4195752"]
[BlackFideId "1123009"]
[EventDate "2021.12.26"]

1. d4 Nf6 2. c4 g6 3. Nc3 d5 4. cxd5 Nxd5 5. e4 Nxc3 6. bxc3 Bg7 7. Nf3 c5 8.
Bb5+ Bd7 9. Rb1 O-O 10. O-O Bg4 11. Be3 Qa5 12. Qa4 Qxa4 13. Bxa4 cxd4 14. cxd4
b6 15. Rfc1 Bd7 16. Bxd7 Nxd7 17. Rc7 Rfd8 18. h3 Nf6 19. Rxe7 Bf8 20. Rc7 Nxe4
21. Rbc1 a5 22. Rb7 Rab8 23. Rxb8 Rxb8 24. Ne5 b5 25. Nc6 Ra8 26. f3 Nf6 27. Bg5
Nd5 28. Kf2 b4 29. Bd2 f6 30. Ke2 Kf7 31. Kd3 Bd6 32. a3 bxa3 33. Nxa5 Bb4 34.
Nb3 Bxd2 35. Kxd2 Rb8 36. Na1 Rb2+ 37. Rc2 Nb4 0-1

[Event "World Rapid Women 2021"]
[Site "Warsaw POL"]
[Date "2021.12.26"]
[Round "2.26"]
[White "Fernandez, Maria Florencia"]
[Black "Kashlinskaya, Alina"]
[Result "0-1"]
[WhiteTitle "WIM"]
[BlackTitle "IM"]
[WhiteElo "2229"]
[BlackElo "2490"]
[WhiteFideId "116459"]
[BlackFideId "4198026"]
[EventDate "2021.12.26"]

1. d4 Nf6 2. c4 g6 3. Nc3 Bg7 4. e4 d6 5. Be2 O-O 6. Be3 e5 7. d5 Na6 8. g4 Nc5
9. f3 a5 10. h4 h5 11. g5 Nh7 12. Qd2 a4 13. O-O-O f5 14. Nh3 Rf7 15. Qc2 Bd7
16. Nf2 b6 17. Nd3 a3 18. b3 Na6 19. Kb1 Nf8 20. Bc1 Nc5 21. Nxc5 bxc5 22. Bd3
Qb8 23. Ne2 f4 24. Nc3 Be8 25. Bf1 Nd7 26. Bh3 Nb6 27. Ka1 Re7 28. Be6+ Kh7 29.
Nb1 c6 30. Nxa3 Rea7 31. Qd3 cxd5 32. Bxd5 Nxd5 33. Qxd5 Rxa3 34. Bxa3 Rxa3 35.
Rd3 Qa7 36. Rh2 Ra6 37. Rhd2 Bf7 38. Qxd6 Rxd6 39. Rxd6 Qa3 40. Kb1 Bxc4 41.
bxc4 Qxf3 42. Rd7 Qxe4+ 43. Kb2 Qxc4 44. R2d6 e4+ 45. Rf6 Qb5+ 0-1

[Event "World Rapid Women 2021"]
[Site "Warsaw POL"]
[Date "2021.12.26"]
[Round "2.27"]
[White "Padmini, Rout"]
[Black "Balajayeva, Khanim"]
[Result "1-0"]
[WhiteTitle "IM"]
[BlackTitle "WGM"]
[WhiteElo "2345"]
[BlackElo "2376"]
[WhiteFideId "5029295"]
[BlackFideId "13406396"]
[EventDate "2021.12.26"]

1. Nf3 Nf6 2. g3 b6 3. Bg2 Bb7 4. O-O e6 5. c4 Be7 6. d4 O-O 7. d5 exd5 8. Nh4
c6 9. cxd5 Nxd5 10. Nf5 Nc7 11. e4 d5 12. Nc3 Bf6 13. exd5 Nxd5 14. Nxd5 cxd5
15. Ne3 Nc6 16. Nxd5 Be5 17. Re1 Re8 18. Qh5 Qd6 19. Bf4 Bxf4 20. Nxf4 Na5 21.
Red1 Qe5 22. Qxe5 Rxe5 23. Rd7 Bxg2 24. Kxg2 Kf8 25. Rc1 Ke8 26. Rcc7 Nc6 27.
Rxf7 Ne7 28. Rxg7 Kd8 29. Rb7 Rc8 30. Rxh7 1-0

[Event "World Rapid Women 2021"]
[Site "Warsaw POL"]
[Date "2021.12.26"]
[Round "2.28"]
[White "Pourkashiyan, Atousa"]
[Black "Semenova, Elena1"]
[Result "1-0"]
[WhiteTitle "WGM"]
[BlackTitle "WIM"]
[WhiteElo "2322"]
[BlackElo "2278"]
[WhiteFideId "12502014"]
[BlackFideId "24125148"]
[EventDate "2021.12.26"]

1. e4 e5 2. Nf3 Nf6 3. Nxe5 d6 4. Nf3 Nxe4 5. Nc3 Nf6 6. d4 Be7 7. Bd3 O-O 8. h3
Re8 9. O-O Bf8 10. Bg5 h6 11. Bh4 g5 12. Bg3 Nc6 13. d5 Ne7 14. h4 g4 15. Nh2
Bg7 16. Re1 Nf5 17. Rxe8+ Qxe8 18. Nxg4 Nxg3 19. Nxf6+ Bxf6 20. fxg3 Qe3+ 21.
Kh2 Be5 22. Qf3 Qxf3 23. gxf3 Bd7 24. Re1 c6 25. Bc4 Bxc3 26. bxc3 Kf8 27. Rd1
Rc8 28. Bb3 c5 29. c4 Re8 30. Rd2 Re3 31. Kg2 a5 32. Kf2 Re8 33. a4 Bf5 34. c3
Ra8 35. Bd1 Ke7 36. Rb2 Rb8 37. Bc2 Bxc2 38. Rxc2 Kd7 39. Re2 Ra8 40. g4 Ra6 41.
Rb2 Kc7 42. Kg3 Ra8 43. Re2 Ra6 44. Re7+ Kc8 45. Rxf7 Rb6 46. g5 1-0

[Event "World Rapid Women 2021"]
[Site "Warsaw POL"]
[Date "2021.12.26"]
[Round "2.29"]
[White "Rudzinska, Michalina"]
[Black "Badelka, Olga"]
[Result "0-1"]
[WhiteTitle "WFM"]
[BlackTitle "IM"]
[WhiteElo "2215"]
[BlackElo "2453"]
[WhiteFideId "1172883"]
[BlackFideId "13509926"]
[EventDate "2021.12.26"]

1. e4 e5 2. Nf3 Nc6 3. Bb5 Nf6 4. d3 d6 5. O-O a6 6. Ba4 b5 7. Bb3 Na5 8. Nc3
Be7 9. Bg5 O-O 10. h3 h6 11. Bxf6 Bxf6 12. Nd5 c6 13. Nxf6+ Qxf6 14. c3 Nxb3 15.
axb3 g5 16. Nh2 Qg6 17. b4 f5 18. exf5 Bxf5 19. d4 Bd3 20. Re1 exd4 21. cxd4 Bc4
22. Ng4 Rf4 23. Ne3 Qf7 24. Nxc4 bxc4 25. Re2 d5 26. Qe1 Kf8 27. Re6 Re8 28.
Rxe8+ Qxe8 29. Qd2 Re4 30. Kf1 Qc8 31. Ra3 Kg7 32. f3 Re7 33. Re3 Qe8 34. Rxe7+
Qxe7 35. Kf2 Kf6 36. h4 Qd6 37. hxg5+ hxg5 38. g3 Kg6 39. Qc2+ Kf6 40. Qh7 Qxb4
41. Qh6+ Kf7 42. Qh5+ Kf8 43. Qh6+ Kf7 44. Qh5+ Kf8 45. Qh6+ Ke7 46. Qxg5+ Kd7
47. Qf5+ Kc7 48. Qc2 c5 49. dxc5 Qxc5+ 50. Kg2 d4 51. g4 d3 52. Qd2 Qd4 53. Qf2
Qe5 54. Qa7+ Kd8 55. Qb6+ Ke7 56. Qb4+ Kf6 57. Qf8+ Kg6 58. Qg8+ Kf6 59. Qf8+
Ke6 60. Qe8+ Kd5 61. Qd7+ Kc5 62. Qa7+ Kb5 63. Qd7+ Ka5 64. Qd8+ Ka4 65. Qd7+
Kb3 66. Qb7+ Kc2 67. Qxa6 Qe2+ 68. Kg3 d2 69. Qa4+ Kb1 0-1

[Event "World Rapid Women 2021"]
[Site "Warsaw POL"]
[Date "2021.12.26"]
[Round "2.30"]
[White "Bodnaruk, Anastasia"]
[Black "Hryzlova, Sofiia"]
[Result "1-0"]
[WhiteTitle "IM"]
[BlackTitle "WCM"]
[WhiteElo "2396"]
[BlackElo "2097"]
[WhiteFideId "4181751"]
[BlackFideId "14174669"]
[EventDate "2021.12.26"]

1. e4 c5 2. Nc3 a6 3. g3 b5 4. Bg2 Bb7 5. Nge2 Nf6 6. d4 cxd4 7. Nxd4 e6 8. Qe2
Be7 9. O-O d6 10. b3 O-O 11. Bb2 Qc7 12. a3 Nbd7 13. Rad1 Rac8 14. f4 Qb8 15. g4
g6 16. g5 Nh5 17. Qg4 Qa7 18. Kh1 Qa8 19. Rde1 Rc5 20. f5 Ne5 21. Qh4 exf5 22.
Nxf5 gxf5 23. Qxh5 fxe4 24. b4 Rc4 25. Re3 Nf3 26. Bh3 f5 27. gxf6 Rxf6 28. Ne2
Qf8 29. Bxf6 Qxf6 30. Qe8+ Kg7 31. Ng3 Qf8 32. Nf5+ Kf6 33. Qh5 Rxc2 34. Bg2 Qg8
35. Ng3 Rxg2 36. Kxg2 d5 37. Rexf3+ exf3+ 38. Rxf3+ Ke6 39. Re3+ Kd7 40. Qf5+
Kd8 41. Rd3 Qg7 42. Qf3 Bd6 43. Qf2 Qg6 44. Rd1 Bc7 45. Qf8+ Kd7 46. Rf1 d4+ 47.
Kg1 Bd5 48. Qf2 Bb6 49. Qf5+ Qxf5 50. Rxf5 d3+ 51. Kf1 Bc4 52. Ke1 Bd4 53. Ne4
Ke6 54. Rh5 Bb2 55. Kd2 Bxa3 56. Kc3 Kf7 57. Rxh7+ Kg6 58. Ra7 Bc1 59. Rxa6+ Kf5
60. Nd2 Kf4 61. Rd6 Ke3 62. Nxc4+ bxc4 63. b5 Ba3 64. Re6+ Kf2 65. b6 1-0

[Event "World Rapid Women 2021"]
[Site "Warsaw POL"]
[Date "2021.12.26"]
[Round "2.31"]
[White "Jakubowska, Anna"]
[Black "Kovanova, Baira"]
[Result "0-1"]
[WhiteTitle "WIM"]
[BlackTitle "WGM"]
[WhiteElo "2106"]
[BlackElo "2331"]
[WhiteFideId "1121952"]
[BlackFideId "4164083"]
[EventDate "2021.12.26"]

1. e4 e5 2. Nc3 Nf6 3. g3 d5 4. exd5 Nxd5 5. Bg2 Nxc3 6. bxc3 Bd6 7. d3 O-O 8.
Ne2 Nc6 9. O-O Be6 10. f4 Qd7 11. fxe5 Nxe5 12. d4 Nc4 13. Nf4 Bxf4 14. Bxf4 c6
15. Qh5 Rae8 16. Be4 f5 17. Bd3 Bd5 18. Rae1 Rxe1 19. Rxe1 Nd6 20. Qh4 Ne4 21.
c4 Be6 22. Be5 Nd2 23. Qf4 Nxc4 24. Bxc4 Bxc4 25. a3 Re8 26. Rb1 Bd5 27. Rf1 Be4
28. c3 h6 29. g4 Rf8 30. gxf5 Bxf5 31. Qg3 Rf7 32. Re1 Bg4 33. Rf1 h5 34. Rxf7
Qxf7 35. Qf2 Qb3 36. Qd2 Qxa3 37. Kg2 Qf8 38. Qe3 Qf5 39. h3 Bd1 40. Qg3 Qf7 41.
Qg5 Bc2 42. Kg3 Be4 43. Bf4 Kh7 44. Kh4 Bg6 45. Kg3 Qc4 46. Bd2 a5 47. Kf4 a4
48. Qg2 a3 49. Be3 a2 50. Qb2 Qf1+ 0-1

[Event "World Rapid Women 2021"]
[Site "Warsaw POL"]
[Date "2021.12.26"]
[Round "2.32"]
[White "Injac, Teodora"]
[Black "Szczotka, Klara"]
[Result "1-0"]
[WhiteTitle "WGM"]
[WhiteElo "2407"]
[BlackElo "1755"]
[WhiteFideId "932400"]
[BlackFideId "21858845"]
[EventDate "2021.12.26"]

1. Nf3 c5 2. c4 g6 3. d4 Bg7 4. e4 cxd4 5. Nxd4 Nc6 6. Be3 Nf6 7. Nc3 d6 8. Be2
O-O 9. O-O Bd7 10. Qd2 Rc8 11. f3 a6 12. Rac1 Ne5 13. b3 Re8 14. Rfd1 h5 15. Bg5
Nc6 16. Be3 Kh7 17. Bf1 Qa5 18. Qf2 Nxd4 19. Bxd4 Bc6 20. g3 Nd7 21. Bh3 Bxd4
22. Rxd4 Rcd8 23. f4 Qc5 24. Nd5 Bxd5 25. exd5 Nf6 26. Rcd1 b5 27. Kg2 Rb8 28.
Qe2 bxc4 29. Rxc4 Qa5 30. Qd2 Qxd2+ 31. Rxd2 Rb5 32. Rcd4 Kg7 33. Kf3 Reb8 34.
Bf1 Ra5 35. Bc4 Ra3 36. Re2 Kf8 37. h3 a5 38. g4 hxg4+ 39. hxg4 Rb7 40. Rd3 Rc7
41. Rde3 a4 42. g5 Nh5 43. Bb5 axb3 44. axb3 Ra1 45. Rf2 Rcc1 46. Bd3 Rh1 47.
Ke4 Rh4 48. Be2 Ng3+ 1-0